<?xml version="1.0" encoding="utf-8"?>
<?xml-stylesheet type='text/xsl' href='./oai2.xsl'?>
<OAI-PMH xmlns="http://www.openarchives.org/OAI/2.0/" xmlns:xsi="http://www.w3.org/2001/XMLSchema-instance" xsi:schemaLocation="http://www.openarchives.org/OAI/2.0/ http://www.openarchives.org/OAI/2.0/OAI-PMH.xsd">
  <responseDate>2026-05-16T02:00:25Z</responseDate>
  <request verb="GetRecord" metadataPrefix="marcxml" identifier="record_kuniweb_68378">https://kulturerbe.niedersachsen.de/oai</request>
  <GetRecord>
    <record>
      <header>
        <identifier>record_kuniweb_68378</identifier>
        <datestamp>2026-03-31T19:09:18Z</datestamp>
        <setSpec>slg0148</setSpec>
      </header>
      <metadata>
        <marc:record xmlns:marc="http://www.loc.gov/MARC21/slim" xsi:schemaLocation="http://www.loc.gov/MARC21/slim http://www.loc.gov/standards/marcxml/schema/MARC21slim.xsd">
          <marc:leader>12345nrm  22     uu 4500</marc:leader>
          <marc:controlfield tag="001">68378</marc:controlfield>
          <marc:controlfield tag="003">http://kuniweb.gbv.de</marc:controlfield>
          <marc:controlfield tag="005">2019-04-05T10:24:46</marc:controlfield>
          <marc:controlfield tag="008">|           ||||||||||||||||||||||</marc:controlfield>
          <marc:datafield tag="245" ind1="1" ind2="0">
            <marc:subfield code="a">Klappsekretär</marc:subfield>
          </marc:datafield>
          <marc:datafield tag="655" ind1=" " ind2="7">
            <marc:subfield code="a">Alltagskultur</marc:subfield>
          </marc:datafield>
          <marc:datafield tag="046" ind1=" " ind2=" ">
            <marc:subfield code="k">1730</marc:subfield>
            <marc:subfield code="k">1730 - 1750</marc:subfield>
            <marc:subfield code="l">1750</marc:subfield>
          </marc:datafield>
          <marc:datafield tag="260" ind1=" " ind2=" ">
            <marc:subfield code="g">1730</marc:subfield>
            <marc:subfield code="g">1750</marc:subfield>
            <marc:subfield code="g">1730 - 1750</marc:subfield>
          </marc:datafield>
          <marc:datafield tag="300" ind1=" " ind2=" ">
            <marc:subfield code="a">Breite: 103,5 cm
Höhe: 97,5 cm
Tiefe: 47 cm (maximal)</marc:subfield>
          </marc:datafield>
          <marc:datafield tag="520" ind1=" " ind2=" ">
            <marc:subfield code="a">Schreibmöbel mit klappbarer Schreibfläche, abschließbar. Zur Stabilisierung der Klappe zwei ausziehbare Leisten links und rechts unterhalb im Korpus.
Im geschlossenen Zustand ist die Klappe schräg gestellt.
Der Unterbau ist kommodenartig mit 3 abschließbaren Schubladen mit geschwungener Vorderseite. Die Schlösser (ohne Schlüssel)
  sind zeitgenössisch, die Beschläge in Form eines Löwenkopfes sind gründerzeitlich. Die Schubladen sind innen mit historischem Schrankpapier ausgekleidet. In der Klappe hat der Sekretär 4 kleine Schubladen, eine davon ist abschließbar (ohne Schlüssel). 
Der Sekretär ist mit figürlichen Intarsien verziert (italienisierende Landschaft). (Stadtmuseum Einbeck)

Gebrauchsort:
Einbeck (Northeim, Niedersachsen)</marc:subfield>
          </marc:datafield>
          <marc:datafield tag="650" ind1="1" ind2=" ">
            <marc:subfield code="a">Möbel &gt; Schreibmöbel &gt; Sekretär</marc:subfield>
          </marc:datafield>
          <marc:datafield tag="650" ind1="1" ind2=" ">
            <marc:subfield code="a">Sekretäre</marc:subfield>
          </marc:datafield>
          <marc:datafield tag="773" ind1="0" ind2=" ">
            <marc:subfield code="t">Sammlung Möbel</marc:subfield>
          </marc:datafield>
          <marc:datafield tag="852" ind1=" " ind2=" ">
            <marc:subfield code="a">Stadtmuseum Einbeck</marc:subfield>
          </marc:datafield>
          <marc:datafield tag="" ind1=" " ind2=" ">
            <marc:subfield code="a">Namensnennung - Weitergabe unter gleichen Bedingungen 4.0 International (CC BY-SA 4.0)</marc:subfield>
          </marc:datafield>
        </marc:record>
      </metadata>
    </record>
  </GetRecord>
</OAI-PMH>
